Pramienok obrázkové príbehy : pracovný zošit na rozvoj komunikačných zručností pre žiakov s chybami reči a narušeným vývinom reči

Bibliographic Details
Main Authors: Hlinková, Viktória (Author), Kočanová, Eva, 1967- (Author)
Format: Book
Language:Slovak
PhysicalDescription:142 s. fareb. ilustr. 29 cm
Published: Bratislava Proxima press 2003
ISBN:8085454548
Edition:1. vyd.
Subjects:

MARC

LEADER 00000nam a2200000 a 4500
001 vtls001461452
003 SK-MaSNL
005 20260301073336.0
008 240314s2003 xo a gr slo
015 |a SNBA2003/12-04590 
020 |a 8085454548 
035 |a SNK000416759 
035 |a urn:nbn:sk:snk-am3h51e 
035 |a urn:nbn:sk:snk-am003wu5 
035 |a 5E34EB3F-680B-46C6-AFFE-9D8313B9EE52 
040 |a SNK  |b slo  |c SNK  |e AACR2 
041 0 |a slo 
044 |a xo  |c SK 
072 7 |a 316.4/.7  |x Sociálne interakcie  |2 konspekt 
072 7 |a 364  |x Sociálne problémy vyžadujúce podporu a pomoc. Sociálne zabezpečenie  |2 konspekt 
080 |a 316.77:81`.42  |2 1981 
080 |a 81`233  |2 1981 
080 |a 364.262-053.2  |2 1981 
080 |a 616.89-008.434  |2 1981 
080 |a (075.2)  |2 1981 
080 |a (076.1)  |2 1981 
080 |a 821-32  |2 1981 
100 1 |a Hlinková, Viktória  |4 aut  |9 44256 
245 1 0 |a Pramienok  |b obrázkové príbehy : pracovný zošit na rozvoj komunikačných zručností pre žiakov s chybami reči a narušeným vývinom reči  |c Viktória Hlinková, Eva Kočanová ; [ilustrácie Eva Kočanová] 
250 |a 1. vyd. 
260 |a Bratislava  |b Proxima press  |c 2003 
300 |a 142 s.  |b fareb. ilustr.  |c 29 cm 
500 |a Voľné listy v prebale 
650 0 7 |a komunikačné zručnosti  |2 SNKPH  |9 2691 
650 0 7 |a rečové zručnosti  |2 SNKPH  |9 68317 
650 0 7 |a zdravotne postihnuté deti  |2 SNKPH  |9 1075 
650 0 7 |a poruchy reči  |2 SNKPH  |9 662 
655 7 |a učebnice špeciálnych základných škôl  |2 SNKPH  |9 70204 
655 7 |a pracovné zošity  |2 SNKPH  |9 70188 
655 7 |a príbehy  |2 SNKPH  |9 70507 
700 1 |a Kočanová, Eva,  |d 1967-  |4 aut  |9 88122 
919 |a 80-85454-54-8 
968 |d 37 
999 |c 643949  |d 645879 
952 |a SNK  |b SNK  |y PREZ  |7 0  |p 17A0401648  |o snkSB 67449  |i snkKSP 13695/2003  |8 0  |0 0  |1 0  |4 0  |d 2003-10-21  |f 1  |l 0  |r 2025-04-16 00:00:00  |w 2026-02-23 
952 |a SNK  |b SNK  |y PREZ  |7 0  |p 17A0401649  |o snkSB 67449 D1  |i snkKSP 13696/2003  |3 Obsahuje: 144 s.  |0 0  |1 0  |4 0  |d 2003-10-21  |l 0  |r 2005-01-02 00:00:00  |w 2026-02-23